000 00404nam a22001457a 4500
003 URS
005 20220114171951.0
008 180710b xxu||||| |||| 00| 0 eng d
020 _a9789814455695
050 1 4 _aHC 76 I55
_bR49 2013
100 1 _aReynolds, George,
_d2013-
_eauthor
245 1 0 _aPrinciples of ethics in information technology :
_cGeorge Reynolds.
250 _a4th edition
942 _2lcc
_cFR
999 _c15313
_d15313